ბათუმის შოთა რუსთაველის სახელმწიფო უნივერსიტეტის ბიბლიოთეკა

Begegnungen. Deutsch als fremdsprache. B1+ (ბიბ.ჩანაწერი № 54655)

000 -LEADER
fixed length control field 00636nam a2200241Ia 4500
001 - CONTROL NUMBER
control field 21722
003 - CONTROL NUMBER IDENTIFIER
control field GE_BSU
008 - FIXED-LENGTH DATA ELEMENTS--GENERAL INFORMATION
fixed length control field 181216s||||||||xx |||||||||||||| ||und||
020 ## - INTERNATIONAL STANDARD BOOK NUMBER
International Standard Book Number 9783929526929
040 ## - CATALOGING SOURCE
Transcribing agency GE_BSU
080 ## - UNIVERSAL DECIMAL CLASSIFICATION NUMBER
Universal Decimal Classification number 811.112
100 ## - MAIN ENTRY--PERSONAL NAME
Personal name Buscha, Anne. Szita, Szilvia
245 ## - TITLE STATEMENT
Title Begegnungen. Deutsch als fremdsprache. B1+
245 ## - TITLE STATEMENT
Remainder of title Integriertes Kurs-und Arbeitsbuch
260 ## - PUBLICATION, DISTRIBUTION, ETC.
Place of publication, distribution, etc. Leipzig
260 ## - PUBLICATION, DISTRIBUTION, ETC.
Name of publisher, distributor, etc. Schubert-Verlag
260 ## - PUBLICATION, DISTRIBUTION, ETC.
Date of publication, distribution, etc. 2008
300 ## - PHYSICAL DESCRIPTION
Extent 266 p. 30 cm.
653 ## - INDEX TERM--UNCONTROLLED
Uncontrolled term Begegnungen. Deutsch als fremdsprache
653 ## - INDEX TERM--UNCONTROLLED
Uncontrolled term Integriertes Kurs-und Arbeitsbuch
942 ## - ADDED ENTRY ELEMENTS (KOHA)
Koha item type წიგნი
ეგზემპლარები
Withdrawn status Lost status Damaged status Not for loan Date acquired Barcode Date last seen Price effective from Koha item type Public note
        2018-12-17 00492 2018-12-17 2018-12-17 წიგნი ქსეროქსი